La casa mediterránea (Record no. 18927)

MARC details
000 -LEADER
campo de control de longitud fija 01287nam a2200289 i 4500
001 - NÚMERO DE CONTROL
campo de control 18927
003 - IDENTIFICADOR DE NÚMERO DE CONTROL
campo de control ES-MaACL
005 - FECHA Y HORA DE LA ÚLTIMA TRANSACCIÓN
campo de control 20250807233241.0
007 - CAMPO FIJO DE DESCRIPCIÓN FÍSICA--INFORMACIÓN GENERAL
campo de control de longitud fija t|
008 - DATOS DE LONGITUD FIJA--INFORMACIÓN GENERAL
campo de control de longitud fija 020410s2001 sp ||||1| spa d
020 ## - NÚMERO INTERNACIONAL ESTÁNDAR DEL LIBRO
Número Internacional Estándar del Libro 84-451-2019-0
080 ## - NÚMERO DE LA CLASIFICACIÓN DECIMAL UNIVERSAL
Número de la Clasificación Decimal Universal 728.1(4/6-015)(063)
111 2# - ENTRADA PRINCIPAL--NOMBRE DE CONGRESO/REUNIÓN
Nombre de congreso/reunión o jurisdicción como elemento de entrada Encuentro en la Arquitectura (
Número del congreso/reunión o número de parte o sección 4º.
Fecha del congreso o de la firma del tratado 2000.
Sede del congreso/Lugar de la reunión Madrid)
9 (RLIN) 622
245 13 - MENCIÓN DEL TÍTULO
Título La casa mediterránea
Resto del título : IV Encuentro en la Arquitectura, del 5 al 9 de mayo de 2000, Instituto Español de Arquitectura, Universidad de Alcalá, Madrid /
Mención de responsabilidad, etc. coordinan y editan Ana Estirado Gorría y Cristina García-Rosales ; [organiza] La Mujer Construye.
260 ## - PUBLICACIÓN, DISTRIBUCIÓN, ETC.
Lugar de publicación, distribución, etc. [Madrid] :
Nombre del editor, distribuidor, etc. Dirección General de la Mujer,
Fecha de publicación, distribución, etc. [2001]
300 ## - DESCRIPCIÓN FÍSICA
Extensión 243 p. :
Otras características físicas il. ;
Dimensiones 22 cm.
490 1# - MENCIÓN DE SERIE
Mención de serie Publicaciones/DGM, Dirección General de la Mujer ;
Designación de volumen o secuencia 21
504 ## - NOTA DE BIBLIOGRAFÍA, ETC.
Nota de bibliografía, etc. Bibliografía.
650 14 - PUNTO DE ACCESO ADICIONAL DE MATERIA--TÉRMINO DE MATERIA
Término de materia o nombre geográfico como elemento de entrada Vivendas-
Subdivisión geográfica Mediterráneo (Región)-
Subdivisión de forma Congresos y asambleas.
9 (RLIN) 17838
700 1# - ENTRADA AGREGADA--NOMBRE PERSONAL
Nombre de persona Estirado Gorría, Ana.
9 (RLIN) 48178
700 1# - ENTRADA AGREGADA--NOMBRE PERSONAL
Nombre de persona García-Rosales, Cristina.
9 (RLIN) 55226
710 2# - ENTRADA AGREGADA--NOMBRE DE ENTIDAD CORPORATIVA
Nombre de entidad corporativa o nombre de jurisdicción como elemento de entrada La Mujer Construye (Grupo)
9 (RLIN) 5463
710 1# - ENTRADA AGREGADA--NOMBRE DE ENTIDAD CORPORATIVA
Nombre de entidad corporativa o nombre de jurisdicción como elemento de entrada Madrid (Comunidad Autónoma).
Unidad subordinada Dirección General de la Mujer.
9 (RLIN) 5615
830 00 - PUNTO DE ACCESO ADICIONAL DE SERIE-TÍTULO UNIFORME
Título uniforme DGM, Dirección General de la Mujer
Designación de volumen o secuencia 21
9 (RLIN) 228545
852 ## - LOCALIZACIÓN
Ubicación ES-MaACL
Número de control de estantería L-25394
Sublocalización o colección R.130415
Holdings
Estatus retirado Estado de pérdida Estado de daño No para préstamo Biblioteca de origen Biblioteca actual Ubicación en estantería Fecha de adquisición Fuente de adquisición Total de préstamos Signatura topográfica completa Código de barras Visto por última vez Precio de reemplazo Tipo de ítem Koha
        Biblioteca del Ateneo de Madrid Biblioteca del Ateneo de Madrid Depósito 2 17/01/2008     L-25394 1019365 23/02/2023 23/02/2023 Libro impreso